000 00273nam a2200109Ia 4500
008 240624s9999 xx 000 0 und d
041 _aeng
082 _a658.5 CHA
100 _aCHASE RICHARD B
245 _aOPERATIONS MANAGEMENT FOR COMPETITIVE AD
260 _bTata McGrawhill
999 _c8900
_d8900